ACCA paper P6 advanced taxation FA 2009 : (Record no. 1009)
[ view plain ]
| 000 -LEADER | |
|---|---|
| fixed length control field | 00636nam a22002052 4500 |
| 001 - CONTROL NUMBER | |
| control field | 0000018819 |
| 005 - DATE AND TIME OF LATEST TRANSACTION | |
| control field | 20151021151130.0 |
| 008 - FIXED-LENGTH DATA ELEMENTS--GENERAL INFORMATION | |
| fixed length control field | 100801s xx 000 0 eng d |
| 020 ## - INTERNATIONAL STANDARD BOOK NUMBER | |
| International Standard Book Number | 0751763805 : |
| 040 ## - CATALOGING SOURCE | |
| Original cataloging agency | KABU |
| Transcribing agency | KABU |
| 110 2# - MAIN ENTRY--CORPORATE NAME | |
| Corporate name or jurisdiction name as entry element | BPP Learning Media. |
| -- | 0000178232 |
| 245 10 - TITLE STATEMENT | |
| Title | ACCA paper P6 advanced taxation FA 2009 : |
| Remainder of title | study text / |
| Statement of responsibility, etc. | BPP Learning Media. |
| 250 ## - EDITION STATEMENT | |
| Edition statement | 4th ed. |
| 260 ## - PUBLICATION, DISTRIBUTION, ETC. (IMPRINT) | |
| Place of publication, distribution, etc. | London : |
| Name of publisher, distributor, etc. | BPP Learning Media, |
| Date of publication, distribution, etc. | 2009. |
| 300 ## - PHYSICAL DESCRIPTION | |
| Extent | x, 599 p. |
| 650 #0 - SUBJECT ADDED ENTRY--TOPICAL TERM | |
| Topical term or geographic name as entry element | Taxation |
| Geographic subdivision | Great Britain. |
| -- | 0000152740 |
| 852 1# - LOCATION | |
| -- | p2250 KES |
| 908 ## - PUT COMMAND PARAMETER (RLIN) | |
| Put command parameter | 100801 |
| 950 ## - LOCAL HOLDINGS (RLIN) | |
| -- | 1 |
| Withdrawn status | Lost status | Source of classification or shelving scheme | Not for loan | Home library | Current library | Date acquired | Total Checkouts | Full call number | Barcode | Date last seen | Price effective from | Koha item type |
|---|---|---|---|---|---|---|---|---|---|---|---|---|
| Library of Congress Classification | Kabarak, Nakuru City Campus | Kabarak, Nakuru City Campus | 21/10/2015 | HJ2601 B67 2009 c. 1 | 24653 | 21/10/2015 | 21/10/2015 | General Collection |